000 00574nam a2200193Ia 4500
003 GCL
008 140319s9999 xx 000 0 ara d
040 _aGCL /
_cGCL
082 0 4 _a370.19
_bم ت
100 1 _aمحمد لبيب النجيحى
245 1 0 _aالتربية : اصولها الثقافية والاجتماعية /
_cمحمد لبيب النجيحى
300 _a500 ص
490 _a
650 0 4 _aالتعليم
650 0 4 _aالتربية
650 0 4 _aالمدرسة والمجتمع
650 0 4 _aالتعليم والدولة
942 _2ddc
_cBK
999 _c39798
_d39798